LIBRARY ONLINE CATALOGUE

A gentle introduction to agile and lean software development (Record no. 19021)

MARC details
000 -LEADER
fixed length control field 00392nam a22001337a 4500
008 - FIXED-LENGTH DATA ELEMENTS--GENERAL INFORMATION
fixed length control field 210824b |||||||| |||| 00| 0 eng d
020 ## - INTERNATIONAL STANDARD BOOK NUMBER
International Standard Book Number 1980274087
050 ## - LIBRARY OF CONGRESS CALL NUMBER
Classification number QA76.76
Item number .H38 2018 c.1
100 ## - MAIN ENTRY--PERSONAL NAME
Personal name Haunts, Stephen
245 ## - TITLE STATEMENT
Title A gentle introduction to agile and lean software development
Statement of responsibility, etc. Stephen Haunts
260 ## - PUBLICATION, DISTRIBUTION, ETC. (IMPRINT)
Place of publication, distribution, etc. UK
Name of publisher, distributor, etc. Stephen Haunts Ltd
Date of publication, distribution, etc. 2018
300 ## - PHYSICAL DESCRIPTION
Extent 200p.
942 ## - ADDED ENTRY ELEMENTS (KOHA)
Source of classification or shelving scheme Library of Congress Classification
Koha item type General Collection
Holdings
Withdrawn status Lost status Source of classification or shelving scheme Not for loan Home library Current library Date acquired Cost, normal purchase price Total Checkouts Full call number Barcode Date last seen Price effective from Koha item type
    Library of Congress Classification   Kabarak, Main Campus Kabarak, Main Campus 24/08/2021 3066.00   QA76.76 .H38 2018 c.1 028789 24/08/2021 24/08/2021 General Collection
    Library of Congress Classification   Kabarak, Main Campus Kabarak, Main Campus 24/08/2021 3066.00   QA76.76 .H38 2018 c.2 028790 24/08/2021 24/08/2021 General Collection
    Library of Congress Classification   Kabarak, Nakuru City Campus Kabarak, Nakuru City Campus 24/08/2021 3066.00   QA76.76 .H38 2018 c.1 028791 24/08/2021 24/08/2021 General Collection